000 00440nam a2200169Ia 4500
003 GCL
008 140319s9999 xx 000 0 eng d
040 _aGCL /
_cGCL
082 0 4 _a025.3496
_bM B
100 1 _aMENCHER, MELVIN
245 1 0 _aBASIC MEDIA WRITING /
_cMENCHER, MELVIN
260 _a[S.N] :
_bW C B BROUN AND BENCHMSRK PUBBISHERS ،
_c1993
300 _a457 P
650 0 4 _aWRITING
650 0 4 _aJOURNALISM
942 _2ddc
_cBK
999 _c14773
_d14773